| 000 | 00922pam a2200265 a 4500 | ||
|---|---|---|---|
| 003 | OSt | ||
| 005 | 20180130165249.0 | ||
| 008 | 920626s1995 mex spa | ||
| 020 | _a84-8086-173-8 | ||
| 040 |
_aDLC _cBMC _dDLC |
||
| 082 | _a658.15 | ||
| 100 | 1 |
_aRoss, Stephen A. _96237 |
|
| 245 | 1 | 0 |
_aFinanzas corporativas _cStephen A. Ross, Randolph W. Westerfield, Jeffrey F. Jaffe ; versión en español de José Julián Díaz Díaz, con la colaboracion de Fernando Gil Sanguineti |
| 250 | _a3ª ed | ||
| 260 |
_aMéxico, D.F. [etc.] _bIrwin _ccop. 1995 |
||
| 300 |
_a984, [53] p. _bil., gráf. _c24 cm |
||
| 500 | _aIncluye índice | ||
| 594 | _1Tít. orig.: Corporate finance | ||
| 650 | 2 | 4 |
_aEmpresas _xFinanzas _95713 |
| 700 | 1 |
_aWesterfield, Randolph _96240 |
|
| 700 | 1 |
_aJaffe, Jeffrey F. _96250 |
|
| 700 | 1 |
_aDíaz Díaz, José Julian _95216 |
|
| 700 | 1 |
_aGil Sanguineti, Fernando _96251 |
|
| 942 |
_2ddc _cBK |
||
| 999 |
_c2642 _d2642 |
||